[Event "Goch op 26th"]
[Site "Goch"]
[Date "2015.09.05"]
[Round "4"]
[White "Anders, Hartmut"]
[Black "Wijnen, Marcel"]
[Result "1/2-1/2"]
[WhiteElo "1787"]
[BlackElo "1441"]
[PlyCount "67"]
[EventDate "2015.09.03"]
[EventType "swiss"]
[EventRounds "7"]
[EventCountry "GER"]
[SourceTitle "EXT 2018"]
[Source "ChessBase"]
[SourceDate "2017.10.13"]
[SourceVersion "1"]
[SourceVersionDate "2017.10.13"]
[SourceQuality "1"]

1. Nf3 c5 2. e3 Nc6 3. d4 cxd4 4. exd4 d5 5. c3 e6 6. Bd3 Bd6 7. Bg5 f6 8. Bh4 Nge7 9. Nbd2 0-0 10. Bg3 e5 11. Bc2 Bf5 12. Bxf5 Nxf5 13. Qb3 Nfe7 14. 0-0 Qd7 15. Qc2 e4 16. Ne1 f5 17. f3 e3 18. Nb3 f4 19. Bh4 Ng6 20. Bg5 Qf7 21. Nc5 b6 22. Ncd3 h6 23. Bxf4 Bxf4 24. g3 Bd6 25. Ng2 Rfe8 26. Rae1 Rac8 27. Qd1 e2 28. Rxe2 Rxe2 29. Qxe2 Re8 30. Qf2 Re7 31. f4 Qf6 32. Qf3 Qf7 33. Ne3 Rc7 34. Nxd5 1/2-1/2

[Event "Goch op 26th"]
[Site "Goch"]
[Date "2015.09.03"]
[Round "1"]
[White "Wijnen, Marcel"]
[Black "Koch, Frank"]
[Result "0-1"]
[WhiteElo "1441"]
[BlackElo "1941"]
[PlyCount "56"]
[EventDate "2015.09.03"]
[EventType "swiss"]
[EventRounds "7"]
[EventCountry "GER"]
[SourceTitle "EXT 2018"]
[Source "ChessBase"]
[SourceDate "2017.10.13"]
[SourceVersion "1"]
[SourceVersionDate "2017.10.13"]
[SourceQuality "1"]

1. a3 e5 2. c4 Nf6 3. Nc3 Nc6 4. e4 Bc5 5. Nf3 d6 6. b4 Bd4 7. Qc2 0-0 8. d3 Ng4 9. Nxd4 Nxd4 10. Qd1 Qh4 11. g3 Qf6 12. Be3 Nf3+ 13. Ke2 Nd4+ 14. Kd2 c6 15. Be2 Nxf2 16. Bxf2 Qxf2 17. Ra2 Bh3 18. Kc1 Qe3+ 19. Kb1 f5 20. Bf1 Bg4 21. Qd2 Qxd2 22. Rxd2 fxe4 23. dxe4 Rf3 24. Kb2 Raf8 25. h3 Be6 26. Rd1 Rxg3 27. Rd3 Rf2+ 28. Kb1 Rxf1+ 0-1